WWE Finishers Quiz - Statistics

General Stats
  • This quiz has been taken 64 times
  • The average score is 23 of 36
Answer Stats
Hint Answer % Correct
Roman Reigns Spear
96%
Randy Orton RKO
91%
Rey Mysterio 619
89%
Brock Lesnar F5
87%
CM Punk GTS
85%
The Rock Rock Bottom
80%
Triple H Pedigree
78%
"Stone Cold" Steve Austin Stunner
78%
Shawn Michaels Sweet Chin Music
78%
The Undertaker Tombstone Piledriver
78%
John Cena Attitude Adjustment
76%
Kane Chokeslam
76%
Drew McIntyre Claymore
76%
Cody Rhodes Cross Rhodes
73%
Seth Rollins Curb Stomp
69%
Batista Batista Bomb
65%
Rhea Ripley Riptide
65%
AJ Styles Styles Clash
65%
Hulk Hogan Leg Drop
64%
Bray Wyatt Sister Abigail
56%
Kofi Kingston Trouble in Paradise
56%
Jey Uso Uso Splash
56%
Bronson Reed Tsunami
55%
Kurt Angle Ankle Lock
53%
Bret Hart Sharpshooter
53%
Jeff Hardy Swanton Bomb
53%
LA Knight BFT
51%
Sami Zayn Helluva Kick
47%
The Miz Skull Crushing Finale
47%
Ric Flair Figure 4
45%
Becky Lynch Manhandle
45%
Finn Balor Coup De Grace
44%
Bianca Belair KOD
44%
Dean Ambrose Dirty Deeds
38%
Damian Priest South of Heaven
36%
Liv Morgan Oblivion
29%
No matching quizzes found
Score Distribution
Percent of People with Each Score
Percentile by Number Answered
Your Score History
You have not taken this quiz